El desierto tiene dueño (Record no. 106058)

MARC details
000 -LEADER
campo de control de longitud fija 00624nam a2200205 i 4500
001 - NÚMERO DE CONTROL
campo de control 106058
003 - IDENTIFICADOR DE NÚMERO DE CONTROL
campo de control ES-MaACL
007 - CAMPO FIJO DE DESCRIPCIÓN FÍSICA--INFORMACIÓN GENERAL
campo de control de longitud fija t|
008 - DATOS DE LONGITUD FIJA--INFORMACIÓN GENERAL
campo de control de longitud fija 060925s1958 ag ||||1| spa d
080 ## - NÚMERO DE LA CLASIFICACIÓN DECIMAL UNIVERSAL
Número de la Clasificación Decimal Universal 821.134.2(82)-31"19"
100 1# - ENTRADA PRINCIPAL--NOMBRE DE PERSONA
Nombre de persona Gori, Gastón.
9 (RLIN) 59179
245 13 - MENCIÓN DEL TÍTULO
Título El desierto tiene dueño
Resto del título : novela /
Mención de responsabilidad, etc. Gastón Gori.
260 ## - PUBLICACIÓN, DISTRIBUCIÓN, ETC.
Lugar de publicación, distribución, etc. Buenos Aires :
Nombre del editor, distribuidor, etc. Doble p,
Fecha de publicación, distribución, etc. [1958]
300 ## - DESCRIPCIÓN FÍSICA
Extensión 241 p. ;
Dimensiones 18 cm.
490 1# - MENCIÓN DE SERIE
Mención de serie Grandes escritores argentinos ;
Designación de volumen o secuencia 19
500 ## - NOTA GENERAL
Nota general Biblioteca Juan Andrade.
830 0# - PUNTO DE ACCESO ADICIONAL DE SERIE-TÍTULO UNIFORME
Título uniforme Grandes escritores argentinos ;
Designación de volumen o secuencia 19
9 (RLIN) 185156
852 ## - LOCALIZACIÓN
Ubicación ES-MaACL
Número de control de estantería AND-832
Sublocalización o colección R.110124
Holdings
Estatus retirado Estado de pérdida Estado de daño No para préstamo Biblioteca de origen Biblioteca actual Ubicación en estantería Fecha de adquisición Fuente de adquisición Total de préstamos Signatura topográfica completa Código de barras Visto por última vez Precio de reemplazo Tipo de ítem Koha
        Biblioteca del Ateneo de Madrid Biblioteca del Ateneo de Madrid Depósito 2 17/01/2008     AND-832 1110720 23/02/2023 23/02/2023 Libro impreso